Ultimate Video Game Consoles Quiz - Statistics

General Stats
  • This quiz has been taken 1,494 times
    1,295 since last reset
  • The average score is 29 of 146
Answer Stats
Year Manufacturer Answer % Correct
1994 Sony PlayStation
93%
2001 Microsoft Xbox
90%
2006 Sony PlayStation 3
89%
2020 Sony PlayStation 5
89%
2000 Sony PlayStation 2
88%
2013 Sony PlayStation 4
88%
1989 Nintendo GameBoy
84%
2006 Nintendo Wii
83%
2017 Nintendo Switch
82%
2005 Microsoft Xbox 360
82%
2013 Microsoft Xbox One
80%
1977 Atari Atari 2600
77%
2001 Nintendo GameCube
74%
1983 Nintendo Nintendo Entertainment System/Famicom
74%
2004 Nintendo DS
73%
2012 Nintendo Wii U
73%
1996 Nintendo Nintendo 64
71%
1988 Sega Sega Genesis
70%
2011 Nintendo 3DS
66%
1990 Nintendo Super Nintendo Entertainment System
66%
2001 Nintendo Game Boy Advance
65%
2004 Sony PlayStation Portable
65%
2020 Microsoft Xbox Series X|S
61%
2011 Sony PlayStation Vita
56%
1994 Sega Sega Saturn
50%
1998 Sega Sega Dreamcast
48%
2022 Valve Steam Deck
39%
1985 Sega Sega Master System
38%
1982 Commodore Commodore 64
36%
1990 Sega Game Gear
34%
1995 Nintendo Virtual Boy
33%
1972 Magnavox Odyssey
32%
1993 Atari Jaguar
30%
1990 SNK Neo Geo AES
30%
1982 Atari Atari 5200
29%
1980-1991 Nintendo Game&Watch
28%
1986 Atari Atari 7800
24%
1991 Philips CD-i
23%
1982 Coleco ColecoVision
23%
1991 Sega Sega CD
23%
1986 Nintendo Famicom Disk System
21%
1980 Mattel Intellivision
21%
1989 Atari Lynx
21%
1987 NEC TurboGrafx-16
18%
1993 Panasonic 3DO
17%
2003 Nokia N-Gage
17%
1978 Magnavox Odyssey 2
17%
1998 Neo Geo Neo Geo Pocket
16%
1994 Sega Sega 32X
14%
1976 Fairchild Channel F
13%
1999 Bandai WonderSwan
13%
1997 Tiger Game.com
11%
1995 Sega Nomad
11%
1983 Sega SG-1000
11%
1999 Nintendo Nintendo 64DD
10%
2012 Nvidia Shield Portable
10%
2005 Sega Advanced Pico Beena
9%
1993 Sega Pico
9%
1995 Bandai Apple Bandai Pippin
8%
1994 SNK Neo Geo CD
8%
1999 Neo Geo Neo Geo Pocket Color
8%
2006 Mattel HyperScan
7%
1982 Milton Bradley Vectrex
7%
1992 Memorex VIS
7%
2009 Zeebo Inc. Zeebo
7%
1993 Commodore Amiga CD32
6%
1995 Atari Jaguar CD
6%
1995 Tiger R-Zone
6%
1977 RCA Studio II
6%
2004 VTech V.Smile
6%
2006 VTech V.Smile Baby Infant Development System
6%
2005 Telematics Gizmondo
5%
1995 Casio Loopy
5%
1979 Milton Bradley Microvision
5%
1994 NEC PC-FX
5%
2001 Nintendo Pokemon Mini
5%
1992 Watara Supervision
5%
1979 Bandai Super Vision 8000
5%
1978 Midway Bally Astrocade
4%
1991 Commodore Commodore CDTV
4%
1993 Fujitsu FM Towns Marty
4%
1993 Pioneer LaserActive
4%
1994 Bandai Playdia
4%
1995 Nintendo Satellaview
4%
1988 NEC TurboGrafx-CD
4%
1985 LJN Video Art
4%
1983 Philips Videopac+ G7400
4%
1987 Worlds of Wonder Action Max
3%
1982 Emerson Arcadia 2001
3%
1981 Epoch Cassette Vision
3%
1981 VTech CreatiVision
3%
1990 Amstrad GX4000
3%
2000 VM Labs Nuon
3%
1983 Casio PV-1000
3%
1989 NEC SuperGrafx
3%
1990 NEC TurboExpress
3%
1987 Atari XEGS
3%
2003 Tapwave Zodiac
3%
1978 Audiosonic 1292 Advanced Programmable Video System
2%
1982 Entex Adventure Vision
2%
1985 BBC Bridge Companion
2%
1978 Unisonic Champion 2711
2%
2000 Cybiko Cybiko
2%
2020 Blaze Evercade
2%
2021 Blaze Evercade VS
2%
1990 Bit Gamate
2%
1990 Hartung Game Master
2%
2005 ZAPiT Game Wave Family Entertainment System
2%
1979 APF Imagination Machine
2%
1993 Welback Holdings Mega Duck
2%
1978 APF MP1000
2%
1983 Nichibutsu My Vision
2%
2012 Tommo Neo Geo X
2%
2010 OpenPandora Pandora
2%
2022 Panic Playdate
2%
2021 Playmaji Polymega
2%
1984 Palmtex Portable Videogame System
2%
1981 Entex Select-A-Game
2%
1988 VTech Socrates
2%
1995 Funtech Super A'Can
2%
1984 Epoch Super Cassette Vision
2%
1978 Interton VC 4000
2%
2006 VTech V.Flash
2%
1988 View-Master View-Master Interactive Vision
2%
2004 SSD Xavix PORT
2%
1985 Daewoo Zemmix
2%
2009 Dingo A320
1%
1982 SHG Black Point
1%
2010 GamePark Holdings CAANOO
1%
1990 Commodore Commodore 64 Games System
1%
1983 Gakken Compact Vision TV Boy
1%
1994 Capcom CPS Changer
1%
2002 3-Plus DVD Kids
1%
2005 GamePark Holdings GP2X
1%
2009 GamePark Holdings GP2X Wiz
1%
2001 Game Park GP32
1%
2016 GamePad Digital GPD Win
1%
1992 Konami Picno
1%
1983 Tomy Pyuuta Jr.
1%
1978 Palladium Tele-Cassetten Game
1%
1988 Bandai Terebikko
1%
1987 Bandai Video Challenger
1%
1988 Sega Video Driver
1%
1986 Connor Videosmarts
1%
2013 Game Consoles Worldwide GCW Zero
0%
2015 GamePad Digital GPD XD
0%
No matching quizzes found
Score Distribution
Percent of People with Each Score
Percentile by Number Answered
Your Score History
You have not taken this quiz since the last reset